<?xml version="1.0" encoding="UTF-8"?>
<marc:record xmlns:marc="http://www.loc.gov/MARC21/slim">
   <marc:leader>00000nam a2200000 a 4500</marc:leader>
   <marc:datafield ind1="0" ind2="0" tag="245">
      <marc:subfield code="a">Das Dschungelbuch</marc:subfield>
   </marc:datafield>
   <marc:datafield ind1="0" ind2="0" tag="245">
      <marc:subfield code="c">Text: Verena Kilchling</marc:subfield>
   </marc:datafield>
   <marc:datafield ind1=" " ind2="1" tag="264">
      <marc:subfield code="a">Köln</marc:subfield>
      <marc:subfield code="b">Schneider-Buch Egmont</marc:subfield>
      <marc:subfield code="c">2011</marc:subfield>
   </marc:datafield>
   <marc:datafield ind1="1" ind2=" " tag="520">
      <marc:subfield code="a">Angaben aus der Verlagsmeldung

Dschungelbuch, Buch 04

Jetzt kommen Mowgli und seine Freunde ins Wohnzimmer. Der heißgeliebte Klassiker von Rudyard Kipling um das Findelkind Mowgli und seine Abenteuer im Dschungel wurde endlich als Animationsserie fürs Fernsehen umgesetzt. Die Serie wird auf KI.KA und ZDF tivi ausgestrahlt und die Bücher dazu gibt es bei SchneiderBuch. Gefräßige Tiger, listige Riesenschlangen und eine gesetzlose Affenbande - das Leben in der Wildnis ist nicht immer leicht, aber mithilfe seiner beiden großen Beschützer, dem starken Bären Baloo und dem klugen Panther Bagheera, gelingt es Mowgli, die kniffligsten Situationen mit Bravour zu meistern. Zusammen mit ihnen und der restlichen Dschungelbevölkerung stellt sich Mowgli so manchen Gefahren, langweilig wird es jedenfalls nie. Diese Helden werden die Kinderherzen im Sturm erobern!
</marc:subfield>
   </marc:datafield>
   <marc:datafield ind1=" " ind2=" " tag="020">
      <marc:subfield code="a">9783505129087</marc:subfield>
      <marc:subfield code="9">9783505129087</marc:subfield>
   </marc:datafield>
   <marc:datafield ind1=" " ind2=" " tag="041">
      <marc:subfield code="a">ger</marc:subfield>
   </marc:datafield>
   <marc:datafield ind1=" " ind2=" " tag="300">
      <marc:subfield code="a">91 S.</marc:subfield>
   </marc:datafield>
</marc:record>
